000 00759nam a2200241Ia 4500
003 OSt
005 20220926031249.0
006 a|||||r|||| 00| 0
007 ta
008 220923b |||||||| |||| 00| 0 eng d
037 _cGeneral Book
040 _aRTL
_cRTL
_beng
041 _2eng
_aeng
082 _aX9(D8518).79172.N6t, K7/GD
110 _aFood and Agriculture Organizaiton
_9335369
245 0 _aSurvey of the canje reservoir scheme. Guyana
260 _aRome
_bFood and Agriculture Organizaiton
_c1967
300 _a130p. Appendix p. 112-30
_ccm.
650 _aElectrical
700 _aFood and Agriculture Organizaiton
_9335370
942 _hX9(D8518).79172.N6t, K7/GD
_cGB
_2CC
999 _c651914
_d651914